15 Plus grandes villes de Scandinavie (avec une carte) - Statistiques

Statistiques générales
  • Ce quiz a été pris 63 fois
  • Le résultat moyen est 9 sur 15
Réponses sur la Carte
Les réponses sont colorées sur une échelle allant du rouge au vert en fonction du pourcentage des utilisateurs qui les ont devinées à leur premier essai. Vous pouvez retrouver ces pourcentages ci-dessous.
 
Statistiques - réponses
Pays Ville Population % Correct
Danemark Copenhague 1,4 million
100%
Suède Stockholm 1 million
100%
Norvège Oslo 720 mille
98%
Suède Malmö 360 mille
97%
Norvège Bergen 230 mille
81%
Suède Göteborg 600 mille
80%
Norvège Trondheim 210 mille
56%
Danemark Aarhus 300 mille
53%
Danemark Odense 185 mille
53%
Suède Uppsala 250 mille
41%
Norvège Stavanger 150 mille
39%
Suède Helsingborg 150 mille
22%
Suède Linköping 170 mille
22%
Suède Örebro 160 mille
19%
Suède Västerås 160 mille
10%
Aucun quiz correspondant
Distribution des résultats
% des personnes avec chaque résultat
Percentile par nombre de réponses
Votre historique - résultats
Vous n’avez pas pris ce quiz